Καριέρες Θρυλικών Ελλήνων Ποδοσφαιριστών - Statistics

General Stats
  • This quiz has been taken 8 times
  • The average score is 8 of 10
Answer Stats
Παίκτης Ομάδες % Correct
Κώστας Μήτρογλου
86%
Γιώργος Καραγκούνης
86%
Ντέμης Νικολαΐδης
86%
Αντώνης Νικοπολίδης
86%
Άγγελος Χαριστέας
71%
Βασίλης Χατζηπαναγής
71%
Γιώργος Σαμαράς
71%
Κώστας Μανωλάς
71%
Θοδωρής Ζαγοράκης
71%
Στέλιος Γιαννακόπουλος
57%
No matching quizzes found
Score Distribution
Percent of People with Each Score
Percentile by Number Answered
Your Score History
You have not taken this quiz